| 000 | 00514nam a2200193Ia 4500 | ||
|---|---|---|---|
| 005 | 20231025172148.0 | ||
| 008 | 220704s9999||||xx |||||||||||||| ||und|| | ||
| 020 | _a0385182619 | ||
| 040 | _aMCHVL | ||
| 041 | _aEnglish | ||
| 082 |
_a158.1 _bPRA |
||
| 100 | _aPrather, Hugh | ||
| 245 |
_aNotes on how to live in the world and still be happy / _cHugh Prather |
||
| 260 |
_aNew York : _bDoubleday, _c1986. |
||
| 300 |
_axi. 271p. ; _c21cm. |
||
| 650 | _aConduct of life | ||
| 650 | _aHappiness | ||
| 942 | _cBK | ||
| 999 |
_c3375 _d3375 |
||